Most guessed in the series '30 biggest European cities by letter' - Statistics

General Stats
  • This quiz has been taken 162 times
    116 since last reset
  • The average score is 41 of 78
Answer Stats
% Correct Cities % Correct
98% Amsterdam
93%
99% Berlin
93%
97% Athens
89%
99% Madrid
86%
99% Barcelona
85%
99% London
84%
99% Naples
82%
100% Paris
82%
100% Oslo
81%
99% Munich
80%
100% Brussels
78%
97% Vienna
78%
99% Warsaw
78%
97% Copenhagen
77%
99% Dublin
77%
99% Kyiv
77%
91% Zürich
76%
98% Hamburg
74%
100% Lisbon
74%
99% Manchester
74%
100% Rome
74%
95% Zagreb
74%
97% Frankfurt am Main
73%
96% Stockholm
73%
100% Edinburgh
72%
98% Liverpool | Lyon
72%
93% Düsseldorf
70%
92% Cologne
69%
98% Glasgow
69%
98% Helsinki
69%
98% Istanbul
67%
96% Saint Petersburg
67%
99% Prague
65%
95% Vilnius
65%
96% Krakow
64%
99% Turin
64%
99% Riga
59%
98% Valencia
58%
87% Florence
57%
98% Rotterdam
57%
97% Tallinn
57%
95% Essen
56%
95% Antwerp
54%
93% Wroclaw
54%
96% Nuremburg
52%
98% Dresden
51%
95% Odessa
51%
73% Utrecht
45%
93% Zaragoza
45%
92% Hannover
44%
99% Palermo
44%
97% Genoa
43%
95% Nice
40%
75% Ulm
39%
96% Sarajevo
38%
84% Quimper
36%
97% Toulouse
36%
96% Gdansk
31%
84% Xánthi
31%
82% Innsbruck
30%
74% Jerez de la Frontera
28%
80% York
28%
51% Xanten
27%
58% Jena
26%
93% Cork
25%
86% Inverness
24%
85% Uppsala
23%
74% Yaroslavl
21%
94% Kaliningrad
20%
77% Espoo
19%
72% Wuppertal
19%
80% Orléans
13%
66% Yalta
11%
66% Jönköping
10%
32% Quartu Sant'Elena
6%
16% Xátiva
3%
96% Frankfurt an der Oder
2%
29% Quincy-sous-Sénart
1%
No matching quizzes found
Score Distribution
Percent of People with Each Score
Percentile by Number Answered
Your Score History
You have not taken this quiz since the last reset